[Event "90th GER-ch 2019"]
[Site "Magdeburg"]
[Date "2019.05.30"]
[Round "7.16"]
[White "Guenther, Andreas"]
[Black "Heimrath, Reiner"]
[Result "0-1"]
[WhiteElo "2121"]
[BlackElo "2239"]
[Annotator "ChessBase"]
[PlyCount "160"]
[EventDate "2019.05.26"]
[EventType "tourn"]
[EventCountry "GER"]
[SourceTitle "playchess.com"]
[Source "ChessBase"]
[SourceQuality "1"]
[TimeControl "40/5400+30:1800+30"]

1. d4 {[%emt 0:00:00]} Nf6 {[%emt 0:00:00]} 2. Nf3 {[%emt 0:00:00]} g6 {[%emt 0:00:00]} 3. Nc3 {[%emt 0:00:05]} d5 {[%emt 0:00:36]} 4. Bf4 {[%emt 0:00:14]} Bg7 {[%emt 0:00:08]} 5. e3 {[%emt 0:00:13]} O-O {[%emt 0:00:33]} 6. Be2 {[%emt 0:01:02]} Re8 {[%emt 0:02:29]} 7. O-O {[%emt 0:01:24]} Nh5 {[%emt 0:00:25]} 8. Bg5 {[%emt 0:02:45]} h6 {[%emt 0:00:08]} 9. Bh4 {[%emt 0:00:05]} Nf6 {[%emt 0:00:35]} 10. Ne5 {[%emt 0:01:33]} c5 {[%emt 0:00:44]} 11. f4 {[%emt 0:07:45]} cxd4 {[%emt 0:00:43]} 12. exd4 {[%emt 0:00:03]} Nc6 {[%emt 0:00:13]} 13. Bf2 {[%emt 0:09:08]} h5 {[%emt 0:03:05]} 14. Bd3 {[%emt 0:02:17]} Bg4 {[%emt 0:10:11]} 15. Qd2 {[%emt 0:02:08]} e6 {[%emt 0:00:20]} 16. Nd1 {[%emt 0:02:43]} Bf5 {[%emt 0:07:49]} 17. c3 {[%emt 0:08:13]} Bxd3 {[%emt 0:04:33]} 18. Qxd3 {[%emt 0:00:23]} Ne4 {[%emt 0:00:18]} 19. Be3 {[%emt 0:01:22]} Ne7 {[%emt 0:09:31]} 20. Nf2 {[%emt 0:05:01]} Nxf2 {[%emt 0:00:06]} 21. Bxf2 {[%emt 0:01:03]} Nf5 {[%emt 0:00:07]} 22. g3 {[%emt 0:05:34]} Nd6 {[%emt 0:09:47]} 23. h3 {[%emt 0:02:04]} Qf6 {[%emt 0:04:12]} 24. Rae1 {[%emt 0:02:41]} Qf5 {[%emt 0:00:29]} 25. Qxf5 {[%emt 0:00:19]} gxf5 {[%emt 0:01:09]} 26. Kg2 {[%emt 0:02:31]} b5 {[%emt 0:04:21]} 27. Re2 {[%emt 0:03:40]} Rec8 {[%emt 0:00:58]} 28. Be1 {[%emt 0:00:32]} a5 {[%emt 0:00:42]} 29. g4 {[%emt 0:02:49]} hxg4 {[%emt 0:08:16]} 30. hxg4 {[%emt 0:04:40]} fxg4 {[%emt 0:01:00]} 31. Nxg4 {[%emt 0:00:28]} Nf5 {[%emt 0:00:48]} 32. Ne3 {[%emt 0:01:08]} Nxe3+ {[%emt 0:13:51]} 33. Rxe3 {[%emt 0:00:15]} Re8 {[%emt 0:00:08]} 34. Rg3 {[%emt 0:07:55]} f5 {[%emt 0:01:58]} 35. Kf3 {[%emt 0:00:56]} Kf7 {[%emt 0:00:28]} 36. Rh1 {[%emt 0:00:50]} Rh8 {[%emt 0:00:11]} 37. Rgh3 {[%emt 0:00:13]} Rxh3+ {[%emt 0:00:52]} 38. Rxh3 {[%emt 0:00:05]} b4 {[%emt 0:06:25]} 39. Ke3 {[%emt 0:02:32]} Rb8 {[%emt 0:02:32]} 40. Kd3 {[%emt 0:00:34]} bxc3 {[%emt 0:04:40]} 41. Bxc3 {[%emt 0:30:33]} a4 {[%emt 0:30:29]} 42. Rh2 {[%emt 0:03:15]} Bf8 {[%emt 0:00:00]} 43. Rh7+ {[%emt 0:00:00]} Bg7 {[%emt 0:00:00]} 44. Rh2 {[%emt 0:00:00]} Kg6 {[%emt 0:00:00]} 45. Re2 {[%emt 0:00:00]} Kf6 {[%emt 0:00:00]} 46. Rh2 {[%emt 0:00:00]} Rb7 {[%emt 0:00:00]} 47. Kc2 {[%emt 0:00:00]} Bf8 {[%emt 0:00:00]} 48. b3 {[%emt 0:00:00]} a3 {[%emt 0:00:00]} 49. Kd3 {[%emt 0:00:00]} Rg7 {[%emt 0:00:00]} 50. Be1 {[%emt 0:00:00]} Rg4 {[%emt 0:00:00]} 51. Bd2 {[%emt 0:01:33]} Rg3+ {[%emt 0:00:00]} 52. Be3 {[%emt 0:00:19]} Bd6 {[%emt 0:00:00]} 53. Ke2 {[%emt 0:00:17]} Rg4 {[%emt 0:00:00]} 54. Kf3 {[%emt 0:01:16]} Rg8 {[%emt 0:00:00]} 55. Rh6+ {[%emt 0:02:31]} Kf7 {[%emt 0:00:00]} 56. Rh7+ {[%emt 0:01:00]} Kg6 {[%emt 0:00:00]} 57. Rh1 {[%emt 0:00:15]} Rb8 {[%emt 0:00:00]} 58. Rc1 {[%emt 0:00:49]} Kf7 {[%emt 0:00:00]} 59. Bf2 {[%emt 0:01:25]} Rh8 {[%emt 0:02:43]} 60. Bg3 {[%emt 0:00:51]} Ke7 {[%emt 0:00:12]} 61. Kg2 {[%emt 0:01:01]} Kd7 {[%emt 0:00:15]} 62. Kf3 {[%emt 0:00:08]} Bb4 {[%emt 0:00:24]} 63. Kg2 {[%emt 0:02:01]} Bd2 {[%emt 0:00:39]} 64. Rd1 {[%emt 0:01:49]} Bc3 {[%emt 0:00:26]} 65. Kf3 {[%emt 0:02:30]} Bb2 {[%emt 0:00:10]} 66. Bf2 {[%emt 0:01:48]} Rc8 {[%emt 0:00:48]} 67. Ke2 {[%emt 0:00:43]} Kc6 {[%emt 0:02:59]} 68. Kd3 {[%emt 0:02:52]} Kb5 {[%emt 0:00:28]} 69. Re1 {[%emt 0:00:24]} Rc3+ {[%emt 0:00:31]} 70. Kd2 {[%emt 0:00:54]} Rf3 {[%emt 0:00:23]} 71. Be3 {[%emt 0:00:07]} Rh3 {[%emt 0:04:20]} 72. Re2 {[%emt 0:00:40]} Rh1 {[%emt 0:00:24]} 73. Bf2 {[%emt 0:03:14]} Ra1 {[%emt 0:00:06]} 74. Rxe6 {[%emt 0:00:10]} Rxa2 {[%emt 0:00:06]} 75. Kd3 {[%emt 0:00:42]} Ra1 {[%emt 0:01:08]} 76. Rd6 {[%emt 0:00:25]} a2 {[%emt 0:00:40]} 77. Rxd5+ {[%emt 0:00:25]} Kb4 {[%emt 0:02:46]} 78. Rd8 {[%emt 0:00:45]} Rd1+ {[%emt 0:00:22]} 79. Kc2 {[%emt 0:00:12]} Rc1+ {[%emt 0:00:10]} 80. Kxb2 {[%emt 0:01:09]} a1=Q# {[%emt 0:00:14]} 0-1

[Event "90th GER-ch 2019"]
[Site "Magdeburg"]
[Date "2019.05.31"]
[Round "8.1"]
[White "Huschenbeth, Niclas"]
[Black "Stern, Rene"]
[Result "1-0"]
[WhiteElo "2603"]
[BlackElo "2538"]
[Annotator "TA"]
[PlyCount "129"]
[EventDate "2019.05.26"]
[EventType "tourn"]
[EventCountry "GER"]
[SourceTitle "playchess.com"]
[Source "ChessBase"]
[SourceQuality "1"]

{[%evp 23,129,14,37,33,50,28,57,49,51,50,52,40,57,36,55,55,55,55,58,55,60,57,68,54,67,66,70,69,80,79,93,92,91,76,77,43,45,48,56,29,121,90,83,95,114,135,184,155,162,71,81,41,64,42,37,11,33,-86,0,0,0,-56,29,25,92,20,50,31,39,29,45,35,75,52,92,86,109,109,97,102,109,109,109,100,109,109,109,109,109,80,167,183,177,111,213,200,180,124,430,423,413,411,414,396,29973,3960,29984,29983]} 1. e4 e5 2. Nf3 Nc6 3. Bb5 a6 4. Ba4 Nf6 5. O-O Be7 6. Re1 b5 7. Bb3 d6 8. c3 O-O 9. h3 Na5 10. Bc2 c5 11. d4 Qc7 12. d5 Bd7 13. b3 {C97: Closed Ruy Lopez: Chigorin Defence: 11 d4 Qc7, sidelines} (13. Nbd2 g6 14. Nf1 Nh5 15. b3 c4 16. Bh6 Rfc8 17. b4 Nb7 18. a4 a5 19. Ng3 Nxg3 20. fxg3 axb4 21. cxb4 bxa4 22. Bxa4 Bxa4 23. Rxa4 {½-½ (46) Hovhannisyan,R (2637)-Akopian,V (2650) St Petersburg 2018}) 13... Ne8 $146 ({Predecessor:} 13... Nb7 14. c4 b4 15. Nbd2 Ne8 16. Nf1 g6 17. Bh6 {½-½ (19) Kasparov,G-Matanovic,A (2495) Banja Luka 1979}) 14. Nbd2 {[%cal Bb1d2,Bd2f1,Bf1g3][%mdl 32]} g6 15. Nf1 {White is slightly better.} Ng7 16. Bh6 Nb7 17. c4 b4 18. g4 f6 19. Ng3 Nd8 20. Be3 Nf7 21. Kh2 Kh8 22. Rg1 Rg8 23. Ne1 a5 24. a4 Raf8 25. Ng2 Qc8 26. Qd3 Rd8 27. Raf1 Bf8 28. Bc1 Ne8 29. f4 exf4 $1 30. Nxf4 Ne5 31. Qe2 Bg7 (31... Bh6 $1 $11) 32. Nf5 Bf8 33. Ne3 Nc7 34. h4 Bg7 35. Bb2 Rdf8 36. Bd1 (36. Kh1 $1 $18) 36... Qe8 37. Rg3 Qe7 38. Kg2 Ne8 39. Bc2 Bh6 40. Rh3 (40. Kh1 $14 {keeps the upper hand.}) 40... Rg7 ({Black should try} 40... Bxf4 $1 $17 41. Rxf4 h5) 41. Bd1 Kg8 42. Kg1 (42. Rg3 $11) 42... Rgf7 (42... Bxf4 $1 $15 43. Rxf4 h5) 43. Rg3 Nc7 (43... Kh8 $11 {remains equal.}) 44. Bc2 (44. Qh2 $16) 44... Bc8 45. Qg2 Kh8 46. Rf2 Bd7 47. Qh2 Kg8 48. Kf1 Bc8 49. Ke2 Bd7 50. Kd1 Ne8 51. Kc1 Bc8 52. Kb1 Bd7 53. Ka2 Bc8 54. Rg1 Bd7 55. Qg3 Kh8 56. g5 Bg7 (56... fxg5 $16 57. hxg5 Bg7) 57. Rh1 $18 {And now Qh2 would win.} Kg8 58. Qh2 ({Better is} 58. Rff1 $18) 58... fxg5 (58... h5 $16) 59. hxg5 {[%csl Gh1][%cal Rh2h7]} Bh8 {[#]} 60. Qh4 (60. Nf5 $1 $18 {[%cal Rf5h6] Hoping for Nh6+.} gxf5 {[#]} 61. g6 $1 {[%mdl 512]}) 60... h5 $2 {[%mdl 8192] [#]} (60... Bc8 $16 {is tougher.}) 61. Nf5 $1 {[%mdl 512]} gxf5 (61... Bxf5 62. exf5) 62. Qxh5 {[%csl Gh1][%cal Rh5h8]} Rh7 {[#]} 63. Ng6 $1 {[%mdl 512]} Nxg6 $2 (63... Rxh5 $18 64. Nxe7+ Kf7 65. Rxh5 Kxe7 66. exf5 Ng4) 64. Qxg6+ {[%mdl 64] Double Attack} Rg7 {[#]} 65. exf5 $1 {[%mdl 512] Accuracy: White = 59%, Black = 32%.} 1-0

[Event "90th GER-ch 2019"]
[Site "Magdeburg"]
[Date "2019.05.31"]
[Round "8.2"]
[White "Lubbe, Nikolas"]
[Black "Kollars, Dmitrij"]
[Result "0-1"]
[WhiteElo "2431"]
[BlackElo "2561"]
[Annotator "RC"]
[PlyCount "82"]
[EventDate "2019.05.26"]
[EventType "tourn"]
[EventCountry "GER"]
[SourceTitle "playchess.com"]
[Source "ChessBase"]
[SourceQuality "1"]
[TimeControl "40/5400+30:1800+30"]

1. Nf3 {[%emt 0:00:00]} Nf6 {[%emt 0:00:04]} 2. d4 {[%emt 0:00:00]} d5 {[%emt 0:00:16]} 3. c4 {[%emt 0:00:11]} c6 {[%emt 0:00:35]} 4. Nc3 {[%emt 0:00:30]} e6 {[%emt 0:00:12]} 5. g3 {[%emt 0:01:18]} dxc4 {[%emt 0:00:40]} 6. Bg2 {[%emt 0:01:13]} b5 {[%emt 0:00:51]} 7. Ne5 {[%emt 0:02:59]} Qb6 {[%emt 0:01:28]} 8. O-O {[%emt 0:01:43]} Bb7 {[%emt 0:00:28]} 9. a4 {[%emt 0:01:17]} a5 {[%emt 0:01:20]} 10. e4 {[%emt 0:06:28]} Be7 {[%emt 0:10:21]} 11. Be3 {[%emt 0:04:07]} O-O {[%emt 0:03:33]} 12. d5 {[%emt 0:08:32]} Bc5 {[%emt 0:06:54]} 13. dxc6 {[%emt 0:07:37]} Nxc6 {[%emt 0:00:32]} 14. Nxc6 {[%emt 0:05:57]} Bxc6 {[%emt 0:01:48]} 15. axb5 {[%emt 0:08:32]} Rfd8 {[%emt 0:11:58]} 16. Bxc5 {[%emt 0:05:42]} Qxc5 {[%emt 0:00:29]} 17. Qa4 {[%emt 0:00:57]} Bb7 {[%emt 0:00:42]} 18. Qc2 {[%emt 0:05:11]} Rd4 {[%emt 0:08:29]} 19. Rfe1 {[%emt 0:08:56]} e5 {[%emt 0:03:53]} 20. h3 {[%emt 0:06:08]} h5 {[%emt 0:01:37]} 21. Re3 {[%emt 0:07:13]} h4 {[%emt 0:05:54]} 22. g4 {[%emt 0:02:02]} Nh7 {[%emt 0:05:03]} 23. Ne2 {[%emt 0:01:16]} Rd6 {[%emt 0:04:00]} 24. Rc3 {[%emt 0:01:42]} Rf6 {[%emt 0:04:40]} 25. Rf1 {[%emt 0:00:52]} Rc8 {[%emt 0:01:55]} 26. b3 {[%emt 0:00:33]} Qxb5 {[%emt 0:00:05]} 27. bxc4 {[%emt 0:01:07]} Qc5 {[%emt 0:00:09]} 28. Nc1 {[%emt 0:01:05]} Ng5 {[%emt 0:01:20]} 29. Nb3 {[%emt 0:00:19]} Qa7 {[%emt 0:01:22]} 30. c5 {[%emt 0:03:39]} a4 {[%emt 0:00:29]} 31. Nd2 {[%emt 0:00:03]} Ne6 {[%emt 0:03:18]} 32. Nf3 {[%emt 0:02:04]} Rxc5 {[%emt 0:05:19]} 33. Rxc5 {[%emt 0:00:01]} Qxc5 {[%emt 0:00:07]} 34. Qxa4 {[%emt 0:00:21]} Bc6 {[%emt 0:00:54]} 35. Qb3 {[%emt 0:02:35]} Bxe4 {[%emt 0:01:41]} 36. Nxh4 {[%emt 0:01:15]} Bxg2 {[%emt 0:00:22]} 37. Nxg2 {[%emt 0:01:48]} Ng5 {[%emt 0:03:01]} 38. Qe3 {[%emt 0:00:33]} Nf3+ {[%emt 0:03:46]} 39. Kh1 {[%emt 0:00:01]} Qd5 {[%emt 0:00:09]} 40. g5 {[%emt 0:01:14]} Rg6 {[%emt 0:04:14]} 41. Rc1 {[%emt 0:04:45]} Nxg5 {[%emt 0:04:58]} 0-1

[Event "90th GER-ch 2019"]
[Site "Magdeburg"]
[Date "2019.05.31"]
[Round "8.3"]
[White "Graf, Alexander"]
[Black "Krassowizkij, Jaroslaw"]
[Result "1/2-1/2"]
[WhiteElo "2572"]
[BlackElo "2450"]
[Annotator "TA"]
[PlyCount "61"]
[EventDate "2019.05.26"]
[EventType "tourn"]
[EventCountry "GER"]
[SourceTitle "playchess.com"]
[Source "ChessBase"]
[SourceQuality "1"]

{[%evp 11,61,4,0,0,11,-13,-31,-20,-15,-18,-31,-18,-11,-18,-31,-107,-111,-124,-123,-125,-116,-122,-79,-81,-93,-137,-122,-120,-122,-117,-121,-402,-414,-368,-130,-139,-115,-111,-62,-52,-64,-162,0,0,0,-158,0,0,0,-157,0,0]} 1. Nf3 Nf6 2. c4 c5 3. Nc3 Nc6 4. d4 cxd4 5. Nxd4 e6 6. Bg5 Be7 7. e3 {A33: Symmetrical English: 2 Nf3 Nf6 3 d4 cxd4 4 Nxd4 e6 5 Nc3 Nc6} Qa5 8. Bxf6 Bxf6 9. Qd2 {Black is slightly better.} Nxd4 10. exd4 b6 $146 ({Predecessor:} 10... O-O 11. a3 Qd8 12. f4 b6 13. Be2 Ba6 14. Bf3 Rc8 {½-½ (60) Krasenkow,M (2614)-Ragger,M (2688) Austria 2015}) 11. Be2 Ba6 12. a3 Rc8 13. b4 (13. b3 $15) 13... Qf5 $1 $17 14. c5 Bxe2 $1 15. Nxe2 bxc5 16. bxc5 d6 17. cxd6 Rc2 18. Ng3 Bg5 $1 {[%cal Rg5d2]} ({Resist} 18... Rxd2 19. Nxf5 Rb2 20. Ne3 $15) 19. Nxf5 Bxd2+ 20. Kd1 Rb2 21. Nxg7+ $2 {[%mdl 8192]} (21. Ne3 $17 {was worth a try.} Bxe3 22. fxe3) 21... Kd7 $19 22. Nh5 Rc8 $2 (22... Ba5 $1 $19 {has better winning chances.} 23. Rc1 Rhb8 24. Nf6+ Kd8) 23. Nf6+ $17 Kd8 {[%mdl 1024] Black has strong compensation.} 24. Ne4 Rcc2 {Threatens to win with ...Ba5.} 25. Ke2 f5 26. Nc5 (26. Nxd2 $15 Rxd2+ {[%mdl 64] Double Attack} 27. Ke3) 26... Bb4+ $2 (26... e5 $1 $19 27. Ne6+ Kd7 {[%mdl 64] Double Attack} 28. Nc5+ Ke8) 27. Ke3 $11 Bd2+ $2 (27... Rc3+ $11 28. Nd3 Bxd6) 28. Ke2 $1 $17 {[#]} Bb4+ $2 (28... e5 $1 $17 29. Ne6+ Kd7 {[%mdl 64] Double Attack} 30. Nc5+ Kd8) 29. Ke3 $11 Bd2+ $2 ({Black should try} 29... Bxc5 $11 30. dxc5 e5) 30. Ke2 $1 $17 {[#]} Bb4+ $2 (30... e5 $1 $17 31. Ne6+ Kd7 {[%mdl 64] Double Attack} 32. Nc5+ Kd8 33. Ne6+ Kd7 {[%mdl 64] Double Attack} 34. Nc5+ Ke8) 31. Ke3 {Accuracy: White = 52%, Black = 50%.} 1/2-1/2

[Event "90th GER-ch 2019"]
[Site "Magdeburg"]
[Date "2019.05.31"]
[Round "8.4"]
[White "Roseneck, Jonas"]
[Black "Rosner, Jonas"]
[Result "0-1"]
[WhiteElo "2403"]
[BlackElo "2413"]
[Annotator "ChessBase"]
[PlyCount "88"]
[EventDate "2019.05.26"]
[EventType "tourn"]
[EventCountry "GER"]
[SourceTitle "playchess.com"]
[Source "ChessBase"]
[SourceQuality "1"]
[TimeControl "40/5400+30:1800+30"]

1. e4 {[%emt 0:00:00]} c6 {[%emt 0:00:00]} 2. d4 {[%emt 0:00:00]} d5 {[%emt 0:00:00]} 3. e5 {[%emt 0:00:00]} c5 {[%emt 0:00:00]} 4. dxc5 {[%emt 0:00:00]} e6 {[%emt 0:00:16]} 5. Nf3 {[%emt 0:01:06]} Bxc5 {[%emt 0:00:47]} 6. a3 {[%emt 0:00:02]} Ne7 {[%emt 0:00:33]} 7. b4 {[%emt 0:00:56]} Bb6 {[%emt 0:00:14]} 8. Bd3 {[%emt 0:01:27]} Ng6 {[%emt 0:02:13]} 9. O-O {[%emt 0:02:05]} O-O {[%emt 0:02:04]} 10. Bb2 {[%emt 0:08:24]} Nf4 {[%emt 0:03:52]} 11. c4 {[%emt 0:05:06]} Nxd3 {[%emt 0:00:37]} 12. Qxd3 {[%emt 0:00:04]} dxc4 {[%emt 0:00:37]} 13. Qxc4 {[%emt 0:00:01]} Bd7 {[%emt 0:01:56]} 14. Nc3 {[%emt 0:17:43]} Bc6 {[%emt 0:04:06]} 15. Rad1 {[%emt 0:02:00]} Qe7 {[%emt 0:02:39]} 16. Qg4 {[%emt 0:17:55]} Rd8 {[%emt 0:33:01]} 17. b5 {[%emt 0:06:19]} Bxf3 {[%emt 0:16:39]} 18. Qxf3 {[%emt 0:00:03]} Nd7 {[%emt 0:00:12]} 19. Qxb7 {[%emt 0:02:47]} Rab8 {[%emt 0:00:01]} 20. Qe4 {[%emt 0:01:54]} Qc5 {[%emt 0:01:57]} 21. a4 {[%emt 0:15:57]} Nxe5 {[%emt 0:06:27]} 22. a5 {[%emt 0:05:12]} Bc7 {[%emt 0:03:19]} 23. b6 {[%emt 0:03:59]} axb6 {[%emt 0:01:04]} 24. a6 {[%emt 0:00:01]} Qc6 {[%emt 0:03:23]} 25. Qxc6 {[%emt 0:00:48]} Nxc6 {[%emt 0:00:02]} 26. Nb5 {[%emt 0:00:13]} Bf4 {[%emt 0:03:39]} 27. a7 {[%emt 0:02:01]} Ra8 {[%emt 0:00:56]} 28. Rxd8+ {[%emt 0:00:11]} Rxd8 {[%emt 0:00:31]} 29. Ra1 {[%emt 0:03:27]} Ra8 {[%emt 0:03:36]} 30. g3 {[%emt 0:01:26]} Bg5 {[%emt 0:00:37]} 31. Ra6 {[%emt 0:02:12]} Bd8 {[%emt 0:01:24]} 32. Bc1 {[%emt 0:00:13]} Kf8 {[%emt 0:02:15]} 33. Bf4 {[%emt 0:01:04]} Ke7 {[%emt 0:01:02]} 34. Be3 {[%emt 0:01:03]} Kd7 {[%emt 0:00:56]} 35. Ra3 {[%emt 0:01:12]} Nb4 {[%emt 0:01:33]} 36. Bd4 {[%emt 0:00:36]} Kc6 {[%emt 0:01:12]} 37. Nc3 {[%emt 0:00:25]} Nc2 {[%emt 0:01:43]} 38. Ra4 {[%emt 0:00:00]} b5 {[%emt 0:00:10]} 39. Ra6+ {[%emt 0:00:29]} Kb7 {[%emt 0:00:08]} 40. Rd6 {[%emt 0:00:02]} Nxd4 {[%emt 0:01:51]} 41. Rxd4 {[%emt 0:30:55]} Bf6 {[%emt 0:30:43]} 42. Rd7+ {[%emt 0:00:00]} Kc6 {[%emt 0:00:00]} 43. Rd3 {[%emt 0:00:00]} Bxc3 {[%emt 0:00:00]} 44. Rxc3+ {[%emt 0:00:00]} Kb6 {[%emt 0:00:00]} 0-1

[Event "90th GER-ch 2019"]
[Site "Magdeburg"]
[Date "2019.05.31"]
[Round "8.5"]
[White "Kvetny, Mark"]
[Black "Pfreundt, Jakob"]
[Result "1-0"]
[WhiteElo "2414"]
[BlackElo "2392"]
[Annotator "ChessBase"]
[PlyCount "69"]
[EventDate "2019.05.26"]
[EventType "tourn"]
[EventCountry "GER"]
[SourceTitle "playchess.com"]
[Source "ChessBase"]
[SourceQuality "1"]
[TimeControl "40/5400+30:1800+30"]

1. Nf3 {[%emt 0:00:00]} Nf6 {[%emt 0:00:00]} 2. c4 {[%emt 0:00:00]} e6 {[%emt 0:01:26]} 3. Nc3 {[%emt 0:00:00]} d5 {[%emt 0:00:17]} 4. e3 {[%emt 0:00:04]} b6 {[%emt 0:02:36]} 5. cxd5 {[%emt 0:02:27]} exd5 {[%emt 0:00:27]} 6. d4 {[%emt 0:04:23]} Bd6 {[%emt 0:01:34]} 7. Bd3 {[%emt 0:01:49]} O-O {[%emt 0:00:25]} 8. Ne5 {[%emt 0:03:34]} Ba6 {[%emt 0:06:58]} 9. O-O {[%emt 0:06:38]} c5 {[%emt 0:17:02]} 10. f4 {[%emt 0:01:16]} Bxd3 {[%emt 0:07:17]} 11. Qxd3 {[%emt 0:00:07]} c4 {[%emt 0:00:24]} 12. Qe2 {[%emt 0:04:35]} Bb4 {[%emt 0:04:35]} 13. Nd1 {[%emt 0:15:43]} Ne4 {[%emt 0:21:23]} 14. Nf2 {[%emt 0:10:18]} Nxf2 {[%emt 0:00:24]} 15. Rxf2 {[%emt 0:00:15]} Be7 {[%emt 0:04:59]} 16. f5 {[%emt 0:02:48]} Bf6 {[%emt 0:08:23]} 17. e4 {[%emt 0:09:04]} Re8 {[%emt 0:00:13]} 18. Bf4 {[%emt 0:03:51]} Na6 {[%emt 0:02:15]} 19. Qh5 {[%emt 0:11:16]} g6 {[%emt 0:06:06]} 20. fxg6 {[%emt 0:01:32]} fxg6 {[%emt 0:02:06]} 21. Qf3 {[%emt 0:05:17]} Rf8 {[%emt 0:02:32]} 22. exd5 {[%emt 0:01:57]} Bg7 {[%emt 0:07:02]} 23. Nc6 {[%emt 0:03:58]} Qd7 {[%emt 0:00:51]} 24. d6 {[%emt 0:00:40]} Kh8 {[%emt 0:00:25]} 25. Qe4 {[%emt 0:04:49]} Rae8 {[%emt 0:01:02]} 26. Ne7 {[%emt 0:02:16]} Nb4 {[%emt 0:00:45]} 27. Be5 {[%emt 0:00:28]} Rxf2 {[%emt 0:00:44]} 28. Kxf2 {[%emt 0:00:02]} Nd3+ {[%emt 0:00:31]} 29. Kg1 {[%emt 0:00:09]} Rf8 {[%emt 0:00:46]} 30. Rf1 {[%emt 0:01:32]} Qd8 {[%emt 0:00:46]} 31. Rf3 {[%emt 0:02:32]} Rxf3 {[%emt 0:00:29]} 32. gxf3 {[%emt 0:00:15]} Nxb2 {[%emt 0:00:32]} 33. Qh4 {[%emt 0:01:33]} Qe8 {[%emt 0:00:12]} 34. Qf6 {[%emt 0:00:20]} Bxf6 {[%emt 0:00:42]} 35. Bxf6# {[%emt 0:00:04]} 1-0

[Event "90th GER-ch 2019"]
[Site "Magdeburg"]
[Date "2019.05.31"]
[Round "8.6"]
[White "Winterberg, Lukas"]
[Black "Engel, Luis"]
[Result "1-0"]
[WhiteElo "2376"]
[BlackElo "2512"]
[Annotator "RC"]
[PlyCount "113"]
[EventDate "2019.05.26"]
[EventType "tourn"]
[EventCountry "GER"]
[SourceTitle "playchess.com"]
[Source "ChessBase"]
[SourceQuality "1"]
[TimeControl "40/5400+30:1800+30"]

1. d4 {[%emt 0:00:00]} Nf6 {[%emt 0:00:00]} 2. c4 {[%emt 0:00:00]} e6 {[%emt 0:00:00]} 3. Nf3 {[%emt 0:00:00]} d5 {[%emt 0:00:00]} 4. Nc3 {[%emt 0:00:12]} Bb4 {[%emt 0:00:00]} 5. Qb3 {[%emt 0:00:26]} c5 {[%emt 0:01:07]} 6. dxc5 {[%emt 0:00:15]} Nc6 {[%emt 0:00:07]} 7. Bg5 {[%emt 0:00:25]} Qa5 {[%emt 0:05:11]} 8. Bxf6 {[%emt 0:00:15]} dxc4 {[%emt 0:00:10]} 9. Qxc4 {[%emt 0:00:11]} gxf6 {[%emt 0:00:05]} 10. Rc1 {[%emt 0:00:15]} Qxc5 {[%emt 0:01:38]} 11. Qh4 {[%emt 0:00:25]} Ke7 {[%emt 0:01:15]} 12. g3 {[%emt 0:00:15]} Bxc3+ {[%emt 0:07:25]} 13. bxc3 {[%emt 0:00:03]} b6 {[%emt 0:04:52]} 14. Bg2 {[%emt 0:00:13]} Bb7 {[%emt 0:00:48]} 15. Nd2 {[%emt 0:05:34]} Qg5 {[%emt 0:04:26]} 16. Qa4 {[%emt 0:00:53]} Na5 {[%emt 0:12:08]} 17. Qa3+ {[%emt 0:10:07]} Qc5 {[%emt 0:00:45]} 18. Qxc5+ {[%emt 0:00:19]} bxc5 {[%emt 0:00:06]} 19. Bxb7 {[%emt 0:00:55]} Nxb7 {[%emt 0:00:06]} 20. Rb1 {[%emt 0:01:38]} Nd6 {[%emt 0:00:53]} 21. O-O {[%emt 0:13:11]} Rhb8 {[%emt 0:00:44]} 22. Rb3 {[%emt 0:07:07]} Rb6 {[%emt 0:02:50]} 23. Rfb1 {[%emt 0:04:48]} Ra6 {[%emt 0:01:50]} 24. R1b2 {[%emt 0:00:27]} Rc8 {[%emt 0:02:31]} 25. c4 {[%emt 0:02:05]} Ra4 {[%emt 0:02:52]} 26. Rc2 {[%emt 0:00:02]} Rc6 {[%emt 0:02:05]} 27. Kg2 {[%emt 0:10:01]} Rca6 {[%emt 0:01:33]} 28. Rbb2 {[%emt 0:00:03]} Kd7 {[%emt 0:04:03]} 29. Kf3 {[%emt 0:00:36]} Rb6 {[%emt 0:00:48]} 30. Rb3 {[%emt 0:04:22]} Kc6 {[%emt 0:02:14]} 31. e3 {[%emt 0:02:32]} Rba6 {[%emt 0:05:20]} 32. Rbb2 {[%emt 0:00:24]} f5 {[%emt 0:01:30]} 33. g4 {[%emt 0:02:43]} Rb6 {[%emt 0:04:00]} 34. Rb3 {[%emt 0:02:48]} Rxb3 {[%emt 0:04:20]} 35. axb3 {[%emt 0:00:03]} fxg4+ {[%emt 0:02:56]} 36. Kxg4 {[%emt 0:00:03]} Ra1 {[%emt 0:00:10]} 37. Kg5 {[%emt 0:06:57]} Rd1 {[%emt 0:12:35]} 38. Nf3 {[%emt 0:04:26]} Rb1 {[%emt 0:01:39]} 39. Kf6 {[%emt 0:03:48]} Rxb3 {[%emt 0:00:42]} 40. Ne5+ {[%emt 0:00:28]} Kc7 {[%emt 0:02:28]} 41. Nxf7 {[%emt 0:33:23]} Nxf7 {[%emt 0:33:06]} 42. Kxf7 {[%emt 0:00:03]} a5 {[%emt 0:05:06]} 43. Kxe6 {[%emt 0:00:21]} a4 {[%emt 0:00:08]} 44. e4 {[%emt 0:09:16]} a3 {[%emt 0:00:44]} 45. f4 {[%emt 0:07:49]} Rb6+ {[%emt 0:01:07]} 46. Kd5 {[%emt 0:00:00]} Rb2 {[%emt 0:00:00]} 47. Rc3 {[%emt 0:00:00]} a2 {[%emt 0:00:00]} 48. Ra3 {[%emt 0:00:00]} Rxh2 {[%emt 0:00:00]} 49. f5 {[%emt 0:00:00]} h5 {[%emt 0:00:00]} 50. f6 {[%emt 0:00:00]} Rf2 {[%emt 0:00:00]} 51. Ke6 {[%emt 0:00:00]} h4 {[%emt 0:00:00]} 52. f7 {[%emt 0:00:00]} h3 {[%emt 0:00:00]} 53. Rxa2 {[%emt 0:00:00]} h2 {[%emt 0:00:00]} 54. Ra1 {[%emt 0:00:00]} Kd8 {[%emt 0:00:00]} 55. Ra8+ {[%emt 0:00:00]} Kc7 {[%emt 0:00:00]} 56. Rh8 {[%emt 0:00:00]} Kc6 {[%emt 0:00:00]} 57. e5 {[%emt 0:00:00] Kd5+} 1-0